[Event "Game 1216 - Friendly Game, 3m + 0s"]
[Site "Main Playing Hall"]
[Date "2003.03.22"]
[Round "?"]
[White "SingaporeAsia"]
[Black "kmreese"]
[Result "1-0"]
[WhiteElo "1354"]
[BlackElo "1439"]
[Annotator "Black - Resign"]
[PlyCount "45"]
[EventDate "2003.??.??"]

1. e4 c5 2. Nf3 d6 3. d3 Nc6 4. g3 Bg4
5. Bg2 Qa5+ 6. c3 Qb5 7. h3 Be6 8. O-O Ne5
9. Nxe5 dxe5 10. c4 Qc6 11. b3 O-O-O 12. Nc3 f5
13. Nd5 Bxd5 14. cxd5 Qb5 15. Qf3 fxe4 16. dxe4 Nf6
17. Qf5+ Nd7 18. Be3 b6 19. Rfc1 g6 20. Qe6 Kb8
21. Bf1 Qb4 22. Qc6 Qxe4 23. Ba6 {Black - Resign} 1-0

[Event "Game 1217 - Rated game, 15m + 2s"]
[Site "Main Playing Hall"]
[Date "2003.03.23"]
[Round "?"]
[White "kmreese"]
[Black "goldfisch"]
[Result "1-0"]
[WhiteElo "1600"]
[BlackElo "1360"]
[Annotator "Black - Resign"]
[PlyCount "41"]
[EventDate "2003.??.??"]

1. e4 e5 2. Nf3 Nc6 3. Bc4 f6 4. c3 Nd4
5. cxd4 exd4 6. Nxd4 d6 7. Nc3 c5 8. Qh5+ g6
9. Qd5 Ne7 10. Qf7+ Kd7 11. Be6+ Kc7 12. Ndb5+ Kc6
13. Qxf6 Bxe6 14. Qxh8 a6 15. a4 axb5 16. Nxb5 Kb6
17. a5+ Kxb5 18. b4 Kxb4 19. Qb2+ Kc4 20. Ra4+ Kd3
21. Qa3+ {Black - Resign} 1-0

[Event "Game 1218 - Rated game, 15m + 2s"]
[Site "Main Playing Hall"]
[Date "2003.03.23"]
[Round "?"]
[White "goldfisch"]
[Black "kmreese"]
[Result "0-1"]
[WhiteElo "1352"]
[BlackElo "1607"]
[Annotator "White - Resign"]
[PlyCount "32"]
[EventDate "2003.??.??"]

1. e4 c5 2. Nf3 d6 3. d4 e5 4. dxc5 Qa5+
5. c3 dxc5 6. Nxe5 Nd7 7. Nxd7 Bxd7 8. Bc4 O-O-O
9. O-O Bb5 10. Bxb5 Rxd1 11. Rxd1 Qxb5 12. Na3 Qe2
13. Rf1 Nf6 14. Bf4 Qxb2 15. Nc4 Qxc3 16. Nd6+ Bxd6 {White - Resign} 0-1

[Event "Game 1219 - Rated game, 1m + 1s"]
[Site "Main Playing Hall"]
[Date "2003.03.23"]
[Round "?"]
[White "kmreese"]
[Black "aramis"]
[Result "0-1"]
[WhiteElo "1352"]
[BlackElo "1383"]
[Annotator "White - Time"]
[PlyCount "34"]
[EventDate "2003.??.??"]

1. e4 c6 2. d4 d5 3. e5 Bf5 4. Nf3 Bg4
5. Be2 Bxf3 6. Bxf3 e6 7. O-O Ne7 8. Bg5 h6
9. Bh4 g5 10. Bg3 Nf5 11. Nc3 Qb6 12. Ne2 Qxb2
13. Rb1 Qxa2 14. c4 Qxc4 15. Rc1 Qb4 16. Nc3 Nxd4
17. Be2 Nf5 {White - Time} 0-1

[Event "Game 1220 - Rated game, 5m + 2s"]
[Site "Beginners"]
[Date "2003.03.23"]
[Round "?"]
[White "kmreese"]
[Black "perus"]
[Result "1-0"]
[WhiteElo "1439"]
[BlackElo "1113"]
[PlyCount "37"]
[EventDate "2003.??.??"]

1. e4 e5 2. Nf3 f6 3. Bc4 Ne7 4. d4 d6
5. Nh4 g5 6. Qh5+ Ng6 7. Nf5 Rg8 8. Qxh7 Ne7
9. Qf7+ Kd7 10. Be6+ Kc6 11. d5+ Kb6 12. Be3+ c5
13. Nc3 a5 14. Na4+ Kb5 15. b3 Na6 16. Qh5 Nb4
17. Qe2+ c4 18. Bxg8 Bg7 19. Qxc4# 1-0

[Event "Game 1221 - Rated game, 5m + 2s"]
[Site "Beginners"]
[Date "2003.03.23"]
[Round "?"]
[White "perus"]
[Black "kmreese"]
[Result "0-1"]
[WhiteElo "1109"]
[BlackElo "1444"]
[PlyCount "44"]
[EventDate "2003.??.??"]

1. e3 e5 2. f4 e4 3. Bc4 Nc6 4. f5 Ne5
5. Bd5 Nf6 6. Bb3 d5 7. d4 exd3 8. cxd3 Bb4+
9. Bd2 Nxd3+ 10. Ke2 Nxb2 11. Qc2 d4 12. Bxb4 d3+
13. Qxd3 Qxd3+ 14. Kf3 Bxf5 15. Ba4+ Nxa4 16. Nc3 Bg4+
17. Kf4 g5+ 18. Kxg5 Qg6+ 19. Kf4 Nh5+ 20. Ke5 O-O-O
21. Nxa4 Rhe8+ 22. Be7 Rxe7# 0-1

[Event "Game 1222 - Rated game, 10m + 2s"]
[Site "Main Playing Hall"]
[Date "2003.03.23"]
[Round "?"]
[White "kmreese"]
[Black "domin"]
[Result "1-0"]
[WhiteElo "1448"]
[BlackElo "1212"]
[Annotator "Black - Resign"]
[PlyCount "109"]
[EventDate "2003.??.??"]

1. e4 e5 2. Nf3 Nf6 3. Nxe5 d6 4. Nc4 Nxe4
5. Qe2 Qe7 6. Nc3 Nxc3 7. Qxe7+ Bxe7 8. dxc3 O-O
9. Bd3 Re8 10. O-O Nc6 11. Ne3 Bd7 12. Nd5 Rac8
13. Re1 Be6 14. Nf4 Ne5 15. Bb5 c6 16. Be2 Bg4
17. f3 Bh4 18. Rd1 Bg5 19. Nd3 Bxc1 20. fxg4 Nxd3
21. Rxd3 Be3+ 22. Kf1 Bf4 23. g3 Bh6 24. Rxd6 Rcd8
25. Rxd8 Rxd8 26. Re1 Rd2 27. Bc4 g6 28. Re8+ Kg7
29. Ke1 Rxh2 30. Re7 b5 31. Rxf7+ Kh8 32. Be6 Rxc2
33. Rxa7 Rxb2 34. Ra8+ Kg7 35. a4 Bd2+ 36. Kd1 Bxc3
37. a5 Rb1+ 38. Kc2 Re1 39. Kxc3 Rxe6 40. a6 Re7
41. Kb4 Rc7 42. Kc5 Kf6 43. Kb6 Rd7 44. Kxc6 Re7
45. a7 b4 46. Kb6 Kg5 47. Rc8 b3 48. a8=Q Re6+
49. Rc6 Rxc6+ 50. Kxc6 b2 51. Qb8 b1=N 52. Qxb1 Kxg4
53. Kd6 g5 54. Ke5 h5 55. Qf5+ {Black - Resign} 1-0

[Event "Game 1223 - Rated game, 10m + 2s"]
[Site "Main Playing Hall"]
[Date "2003.03.23"]
[Round "?"]
[White "domin"]
[Black "kmreese"]
[Result "0-1"]
[WhiteElo "1212"]
[BlackElo "1456"]
[Annotator "White - Resign"]
[PlyCount "44"]
[EventDate "2003.??.??"]

1. d4 Nf6 2. c4 d5 3. Nf3 dxc4 4. Bg5 Ne4
5. Be3 e6 6. Ne5 Bb4+ 7. Bd2 Qxd4 8. Qa4+ Nc6
9. Bc3 Qxf2+ 10. Kd1 O-O 11. Nxc6 Nxc3+ 12. bxc3 bxc6
13. Qxb4 Rd8+ 14. Nd2 a5 15. Qxc4 Ba6 16. Qxc6 Qe3
17. Kc2 Qxd2+ 18. Kb3 a4+ 19. Qxa4 Qd5+ 20. Ka3 Bc4
21. Qxa8 Rxa8+ 22. Kb2 Qd2+ {White - Resign} 0-1

[Event "Game 1224 - Rated game, 10m + 2s"]
[Site "Main Playing Hall"]
[Date "2003.03.23"]
[Round "?"]
[White "kmreese"]
[Black "domin"]
[Result "0-1"]
[WhiteElo "1463"]
[BlackElo "1198"]
[PlyCount "100"]
[EventDate "2003.??.??"]

1. e4 e5 2. Nf3 Nf6 3. Bc4 Bc5 4. Nxe5 Nxe4
5. Bxf7+ Kf8 6. Qh5 Bxf2+ 7. Kd1 Qf6 8. d4 Bxd4
9. Ng4 Qxf7 10. Qxf7+ Kxf7 11. Rf1+ Nf6 12. c3 Bb6
13. Bg5 Kg6 14. Bxf6 gxf6 15. Rxf6+ Kg5 16. h3 h5
17. Nd2 hxg4 18. Ne4+ Kh4 19. Rf4 Kh5 20. hxg4+ Kg6
21. Kc2 d5 22. Nf6 Rf8 23. g5 Nd7 24. Rh1 Kxg5
25. Nh7+ Kxf4 26. Nxf8 Nxf8 27. Rf1+ Ke4 28. Rxf8 a5
29. Re8+ Kf4 30. Rg8 Ba7 31. g3+ Ke3 32. g4 d4
33. cxd4 Bxd4 34. g5 Bf5+ 35. Kb3 Rxg8 36. a4 c5
37. Kc4 Rxg5 38. Kb5 Bd3+ 39. Kxa5 Bxb2 40. Kb6 c4
41. Kxb7 Be4+ 42. Kb6 Bd4+ 43. Kc7 c3 44. Kd7 Rg6
45. Ke7 c2 46. Kf7 c1=Q 47. a5 Qc7+ 48. Ke8 Bc6+
49. Kf8 Qd7 50. a6 Bc5# 0-1

[Event "Game 1226 - Rated game, 10m + 2s"]
[Site "Main Playing Hall"]
[Date "2003.03.24"]
[Round "?"]
[White "Miles GM"]
[Black "kmreese"]
[Result "1-0"]
[WhiteElo "1452"]
[BlackElo "1433"]
[Annotator "Black - Resign"]
[PlyCount "63"]
[EventDate "2003.??.??"]

1. e4 c5 2. Nf3 d6 3. Nc3 g6 4. h3 Bg7
5. Bc4 e6 6. a3 Ne7 7. d3 Nec6 8. Rb1 Na5
9. Ba2 Nbc6 10. b4 cxb4 11. axb4 Bxc3+ 12. Bd2 Bd4
13. bxa5 Nxa5 14. Nxd4 e5 15. Nf3 f5 16. exf5 Bxf5
17. O-O e4 18. dxe4 Bxe4 19. Re1 d5 20. Bc3 O-O
21. Ng5 Qxg5 22. Rxe4 Rfd8 23. Rg4 Qe7 24. Bxa5 b6
25. Bc3 Rac8 26. Bxd5+ Kf8 27. Rf4+ Ke8 28. Bf6 Qd6
29. Qe2+ Kd7 30. Bxd8 Qxd5 31. Qe7+ Kc6 32. Rf6+ { Black - Resign} 1-0

[Event "Game 1227 - Rated game, 10m + 5s"]
[Site "Main Playing Hall"]
[Date "2003.03.24"]
[Round "?"]
[White "Upnor"]
[Black "kmreese"]
[Result "1-0"]
[WhiteElo "1337"]
[BlackElo "1416"]
[PlyCount "43"]
[EventDate "2003.??.??"]

1. e4 c5 2. Nf3 d6 3. Bc4 f6 4. O-O g6
5. Nc3 Bg7 6. Bxg8 Rxg8 7. Re1 Nc6 8. a3 g5
9. b4 cxb4 10. axb4 Nxb4 11. Ba3 Nc6 12. Nd5 Bg4
13. h3 Bh5 14. Rb1 Nd4 15. c3 Nxf3+ 16. gxf3 g4
17. fxg4 Bg6 18. f3 e6 19. Qa4+ Kf7 20. Rxb7+ Kf8
21. Nf4 Rb8 22. Nxe6# 1-0

[Event "Game 1228 - Rated game, 10m + 5s"]
[Site "Main Playing Hall"]
[Date "2003.03.24"]
[Round "?"]
[White "kmreese"]
[Black "Upnor"]
[Result "0-1"]
[WhiteElo "1394"]
[BlackElo "1359"]
[Annotator "White - Resign"]
[PlyCount "72"]
[EventDate "2003.??.??"]

1. e4 e5 2. Nf3 Nc6 3. Bc4 h6 4. c3 Nf6
5. d4 d5 6. exd5 Nxd5 7. dxe5 Nde7 8. O-O Bg4
9. Bb5 Qxd1 10. Rxd1 Bxf3 11. gxf3 a6 12. Bc4 Nxe5
13. Be2 N7c6 14. Bf4 Bd6 15. Re1 O-O 16. Nd2 Rad8
17. Ne4 Ng6 18. Bxh6 gxh6 19. Nf6+ Kg7 20. Nh5+ Kg8
21. Bc4 Nce5 22. Nf6+ Kh8 23. Be2 Nh4 24. Kh1 Nhxf3
25. Red1 Ng5 26. b4 b5 27. f4 Nef3 28. fxg5 Nxg5
29. Rg1 Be5 30. Rae1 Bxf6 31. Bh5 Bxc3 32. Rc1 Bxb4
33. Rxc7 Kg7 34. Ra7 a5 35. a3 Bc5 36. Rc1 Bxa7 {White - Resign} 0-1

[Event "Game 1230 - Rated game, 1m + 0s"]
[Site "Beginners"]
[Date "2003.03.25"]
[Round "?"]
[White "kmreese"]
[Black "alex fish"]
[Result "1-0"]
[WhiteElo "1311"]
[BlackElo "1236"]
[PlyCount "43"]
[EventDate "2003.??.??"]

1. e4 e5 2. Nf3 Nf6 3. Bc4 Nc6 4. c3 d6
5. O-O Be6 6. Ng5 Bxc4 7. d3 Be6 8. Nxe6 fxe6
9. Na3 Be7 10. c4 O-O 11. d4 d5 12. dxe5 Nxe4
13. cxd5 exd5 14. Bf4 Bf6 15. Rc1 Bxe5 16. Bxe5 Nxe5
17. Nb5 Qd7 18. Rxc7 Qxb5 19. Qh5 Rxf2 20. Rxf2 Nxf2
21. Qf7+ Kh8 22. Qxg7# 1-0

[Event "Game 1231 - Friendly Game, 2m + 0s"]
[Site "Beginners"]
[Date "2003.03.25"]
[Round "?"]
[White "kmreese"]
[Black "alex fish"]
[Result "0-1"]
[WhiteElo "1325"]
[BlackElo "1222"]
[Annotator "White - Resign"]
[PlyCount "38"]
[EventDate "2003.??.??"]

1. e4 e6 2. d4 Nc6 3. Nf3 Nf6 4. e5 Ne4
5. Bd3 f5 6. O-O Bb4 7. c3 Ba5 8. b4 Bb6
9. Bxe4 fxe4 10. Ng5 O-O 11. Nxh7 Kxh7 12. Qh5+ Kg8
13. f4 Nxe5 14. fxe5 Qe7 15. Rxf8+ Qxf8 16. Bg5 Bxd4+
17. cxd4 Qxb4 18. Nd2 Qxd4+ 19. Kh1 Qxa1+ { White - Resign} 0-1

[Event "Game 1232 - Rated game, 10m + 2s"]
[Site "Beginners"]
[Date "2003.03.25"]
[Round "?"]
[White "kmreese"]
[Black "architecturelabs"]
[Result "1/2-1/2"]
[WhiteElo "1374"]
[BlackElo "1193"]
[Annotator "Draw - 3 Fold Rep"]
[PlyCount "70"]
[EventDate "2003.??.??"]

1. e4 e5 2. Nf3 Nc6 3. Bc4 Nf6 4. c3 d6
5. d3 Bg4 6. O-O Bxf3 7. Qxf3 Qd7 8. Bg5 Be7
9. Nd2 Qg4 10. Qxg4 Nxg4 11. Bxe7 Nxe7 12. f3 Nf6
13. f4 Nc6 14. fxe5 dxe5 15. Nf3 h6 16. d4 exd4
17. cxd4 Nxe4 18. Rae1 f5 19. g4 g6 20. gxf5 gxf5
21. d5 Ne7 22. Nh4 O-O-O 23. Nxf5 Nxf5 24. Rxf5 Rhg8+
25. Kh1 Nd6 26. Rf4 Nxc4 27. Rxc4 Rxd5 28. h4 h5
29. Re7 Rd7 30. Re5 Rd1+ 31. Kh2 Rd2+ 32. Kh3 Rd3+
33. Kh2 Rd2+ 34. Kh1 Rd1+ 35. Kh2 Rd2+ {Draw - 3 Fold Rep} 1/2-1/2

[Event "Game 1233 - Rated game, 1m + 0s"]
[Site "Main Playing Hall"]
[Date "2003.03.25"]
[Round "?"]
[White "n2kl"]
[Black "kmreese"]
[Result "1-0"]
[WhiteElo "1265"]
[BlackElo "1325"]
[Annotator "Black - Time"]
[PlyCount "35"]
[EventDate "2003.??.??"]

1. e4 e5 2. Nf3 Nc6 3. Bb5 Nf6 4. c3 Nxe4
5. d4 exd4 6. cxd4 Bb4+ 7. Bd2 Bxd2+ 8. Nbxd2 Nxd2
9. Qxd2 d6 10. O-O Bg4 11. Rfe1+ Kf8 12. Bc4 h5
13. Qf4 Qd7 14. Qxf7+ Qxf7 15. Bxf7 Kxf7 16. Re7+ Kxe7
17. Ng5 Kd7 18. Nf7 {Black - Time} 1-0

[Event "Game 1234 - Rated game, 0m + 1s"]
[Site "Main Playing Hall"]
[Date "2003.03.25"]
[Round "?"]
[White "markster"]
[Black "kmreese"]
[Result "0-1"]
[WhiteElo "1229"]
[BlackElo "1304"]
[Annotator "White - Time"]
[PlyCount "22"]
[EventDate "2003.??.??"]

1. d4 d5 2. Nc3 e5 3. Bf4 Nc6 4. dxe5 Bf5
5. e4 dxe4 6. Qxd8+ Rxd8 7. Nb5 Bb4+ 8. c3 a6
9. Nd4 Bxc3+ 10. bxc3 Nxd4 11. cxd4 e3 {White - Time} 0-1

[Event "Game 1235 - Rated game, 0m + 1s"]
[Site "Main Playing Hall"]
[Date "2003.03.25"]
[Round "?"]
[White "kmreese"]
[Black "markster"]
[Result "0-1"]
[WhiteElo "1318"]
[BlackElo "1215"]
[Annotator "White - Time"]
[PlyCount "30"]
[EventDate "2003.??.??"]

1. e4 e5 2. Nf3 Nf6 3. Bc4 Bc5 4. O-O Ng4
5. Nxe5 O-O 6. Qxg4 Qf6 7. Bxf7+ Rxf7 8. Nxf7 Qxf7
9. d4 Bxd4 10. Kh1 Bxf2 11. Be3 Bxe3 12. Rxf7 Kxf7
13. Qf5+ Kg8 14. Qf2 Na6 15. Qxe3 d6 {White - Time} 0-1

[Event "Game 1237 - Rated game, 1m + 1s"]
[Site "Main Playing Hall"]
[Date "2003.03.25"]
[Round "?"]
[White "kmreese"]
[Black "joe326"]
[Result "0-1"]
[WhiteElo "1310"]
[BlackElo "1310"]
[PlyCount "34"]
[EventDate "2003.??.??"]

1. e4 e6 2. Nf3 d5 3. Bc4 dxc4 4. e5 Nc6
5. O-O Nge7 6. d3 cxd3 7. cxd3 Ng6 8. d4 Be7
9. d5 Ncxe5 10. Nxe5 Nxe5 11. Bf4 Ng6 12. Bg5 Bxg5
13. Re1 O-O 14. dxe6 fxe6 15. Qxd8 Rxd8 16. Rxe6 Rd1+
17. Re1 Rxe1# 0-1

[Event "Game 1238 - Rated game, 2m + 1s"]
[Site "Main Playing Hall"]
[Date "2003.03.25"]
[Round "?"]
[White "joe326"]
[Black "kmreese"]
[Result "1-0"]
[WhiteElo "1328"]
[BlackElo "1292"]
[Annotator "Black - Resign"]
[PlyCount "43"]
[EventDate "2003.??.??"]

1. e4 c5 2. f4 d6 3. Nf3 g6 4. d3 Bg7
5. Nc3 Nf6 6. Be2 O-O 7. O-O Bg4 8. Be3 d5
9. Bxc5 Nc6 10. exd5 Nxd5 11. Nxd5 Qxd5 12. Be3 Bxb2
13. Rb1 Bf6 14. Rxb7 g5 15. fxg5 Be5 16. Nxe5 Bxe2
17. Qxe2 Nxe5 18. Rxe7 Ng6 19. Re4 Nh4 20. Rxh4 Qxa2
21. Qh5 h6 22. Qxh6 {Black - Resign} 1-0

[Event "Game 1239 - Rated game, 12m + 2s"]
[Site "Main Playing Hall"]
[Date "2003.03.25"]
[Round "?"]
[White "ThE_MoHeL"]
[Black "kmreese"]
[Result "1-0"]
[WhiteElo "1300"]
[BlackElo "1366"]
[PlyCount "147"]
[EventDate "2003.??.??"]

1. e4 c5 2. Bc4 g6 3. Nf3 Bg7 4. Nc3 e6
5. d4 cxd4 6. Nxd4 Qb6 7. Nce2 Qb4+ 8. Bd2 Qxc4
9. Bc3 Ne7 10. O-O Nbc6 11. Nxc6 dxc6 12. Bxg7 Rg8
13. Bf6 Qxe4 14. Nd4 Nd5 15. c4 Nxf6 16. Qd2 e5
17. Nf3 Bg4 18. Nxe5 Rd8 19. Qa5 Nh5 20. Nxg4 Nf4
21. Nf6+ Ke7 22. Nxe4 Ne2+ 23. Kh1 Rd3 24. Qc7+ Rd7
25. Qe5+ Kd8 26. Nf6 Re7 27. Nxg8 Rxe5 28. Rfe1 h5
29. Nf6 a5 30. a3 Ke7 31. Nh7 f5 32. f4 Re4
33. Ng5 Re3 34. Rad1 a4 35. Nh7 h4 36. g3 hxg3
37. hxg3 Nxg3+ 38. Kg2 Rxe1 39. Rxe1+ Kd6 40. Kxg3 b6
41. Rd1+ Kc5 42. Nf6 Kxc4 43. Rc1+ Kb5 44. Kf3 c5
45. Nd5 Kc6 46. Nc3 c4 47. Nxa4 b5 48. Nc3 Kc5
49. Ne2 Kc6 50. b3 Kc5 51. bxc4 bxc4 52. Nc3 Kd4
53. Nb5+ Kc5 54. Nc7 Kd4 55. a4 Kc5 56. a5 Kc6
57. Rxc4+ Kb7 58. a6+ Ka7 59. Ra4 Kb6 60. Ne8 Kb5
61. Ra3 Kb6 62. a7 Kb5 63. a8=Q Kc4 64. Qc8+ Kd5
65. Qc1 Ke6 66. Rd3 Kf7 67. Nd6+ Ke7 68. Qe1+ Kf6
69. Nxf5 gxf5 70. Rd6+ Kf7 71. Qe6+ Kg7 72. Rd7+ Kf8
73. Qe7+ Kg8 74. Qe8# 1-0

[Event "Game 1242 - Rated game, 20m + 0s"]
[Site "Main Playing Hall"]
[Date "2003.03.26"]
[Round "?"]
[White "kmreese"]
[Black "RIFF"]
[Result "1-0"]
[WhiteElo "1630"]
[BlackElo "1505"]
[Annotator "Black - Resign"]
[PlyCount "99"]
[EventDate "2003.??.??"]

1. e4 c5 2. f4 Nc6 3. c3 d6 4. f5 e5
5. fxe6 Bxe6 6. Bb5 Qh4+ 7. g3 Qxe4+ 8. Ne2 Qxh1+
9. Ng1 Qe4+ 10. Be2 Qg2 11. Nf3 O-O-O 12. d4 Bd5
13. Bf4 Bxf3 14. Bxf3 Qxh2 15. Bg4+ Kb8 16. dxc5 Qg1+
17. Kd2 Qxd1+ 18. Kxd1 Nf6 19. cxd6 Bxd6 20. Kc2 Nxg4
21. Bg5 Rde8 22. Na3 Re2+ 23. Kd3 Rhe8 24. Nb5 Nf2+
25. Kc4 Rxb2 26. Nxd6 Na5+ 27. Kd5 Rd2+ 28. Bxd2 Rf8
29. c4 Nc6 30. Rb1 Ne7+ 31. Kc5 b6+ 32. Kd4 Nc6+
33. Kc3 Rd8 34. Bf4 f6 35. Ne4+ Kb7 36. Nxf2 g5
37. Be3 h5 38. c5 h4 39. gxh4 Re8 40. Bd2 gxh4
41. Ng4 f5 42. Nf6 Rh8 43. Nd7 Ka6 44. cxb6 h3
45. b7 h2 46. Nc5+ Ka5 47. Kc4+ Nb4 48. Bxb4+ Kb6
49. Bc3+ Kc6 50. Bxh8 { Black - Resign} 1-0

[Event "Game 1243 - Rated game, 20m + 0s"]
[Site "Main Playing Hall"]
[Date "2003.03.26"]
[Round "?"]
[White "RIFF"]
[Black "kmreese"]
[Result "1-0"]
[WhiteElo "1493"]
[BlackElo "1642"]
[PlyCount "77"]
[EventDate "2003.??.??"]

1. d4 d5 2. c4 Nf6 3. Bg5 c6 4. Bxf6 gxf6
5. e3 dxc4 6. Bxc4 Nd7 7. Ne2 e6 8. Bd3 e5
9. d5 cxd5 10. Bb5 Qa5+ 11. Nbc3 d4 12. exd4 exd4
13. Qd3 dxc3 14. Nxc3 Bb4 15. O-O Rg8 16. Qxh7 Rf8
17. Rad1 Bxc3 18. Qe4+ Be5 19. Rd5 Kd8 20. Bxd7 Qc7
21. Ba4+ Ke7 22. Rfd1 Be6 23. Qb4+ Bd6 24. Rxd6 f5
25. Rd7+ Kf6 26. Rxc7 Kg7 27. Qd4+ Kg6 28. Bc2 Rad8
29. Qg4+ Kf6 30. Qh4+ Kg6 31. Rxd8 Rxd8 32. Qxd8 Bxa2
33. Rd7 Be6 34. Rxb7 a5 35. g4 f6 36. Qh8 Bf7
37. Qh5+ Kg7 38. Qxf7+ Kh6 39. Qh5# 1-0

[Event "Game 1244 - Rated game, 20m + 0s"]
[Site "Main Playing Hall"]
[Date "2003.03.26"]
[Round "?"]
[White "kmreese"]
[Black "RIFF"]
[Result "1-0"]
[WhiteElo "1617"]
[BlackElo "1518"]
[PlyCount "25"]
[EventDate "2003.??.??"]

1. e4 e5 2. Nf3 Bd6 3. Bc4 c6 4. d4 b5
5. dxe5 Bxe5 6. Bxf7+ Kxf7 7. Nxe5+ Ke6 8. Bf4 h5
9. Ng6 Rh7 10. Qd6+ Kf7 11. Ne5+ Ke8 12. Qg6+ Kf8
13. Qf7# 1-0

[Event "Game 1245 - Rated game, 18m + 0s"]
[Site "Main Playing Hall"]
[Date "2003.03.27"]
[Round "?"]
[White "juergm"]
[Black "kmreese"]
[Result "0-1"]
[WhiteElo "1409"]
[BlackElo "1630"]
[Annotator "White - Resign"]
[PlyCount "42"]
[EventDate "2003.??.??"]

1. e4 c5 2. d4 d6 3. d5 g6 4. h3 Bg7
5. a4 e6 6. c4 exd5 7. cxd5 Ne7 8. Nf3 Nd7
9. Bc4 O-O 10. Bg5 f6 11. Be3 Nb6 12. Bd3 c4
13. Be2 f5 14. exf5 Nxf5 15. Na3 Nxe3 16. fxe3 c3
17. Nc4 cxb2 18. Rb1 Bf5 19. Nxb2 Bc3+ 20. Nd2 Qh4+
21. g3 Qxg3+ {White - Resign} 0-1

[Event "Game 1246 - Rated game, 10m + 0s"]
[Site "Main Playing Hall"]
[Date "2003.03.27"]
[Round "?"]
[White "kmreese"]
[Black "pasparov"]
[Result "0-1"]
[WhiteElo "1324"]
[BlackElo "1317"]
[PlyCount "30"]
[EventDate "2003.??.??"]

1. e4 e5 2. Nf3 Nc6 3. Bc4 Bc5 4. c3 Nf6
5. d3 d6 6. Ng5 O-O 7. O-O Bg4 8. Qe1 h6
9. Bxf7+ Rxf7 10. Nxf7 Kxf7 11. h3 Bh5 12. Kh1 Qd7
13. g4 Bxg4 14. hxg4 Qxg4 15. Rg1 Qh3# 0-1

[Event "Game 1247 - Rated game, 15m + 0s"]
[Site "Main Playing Hall"]
[Date "2003.03.27"]
[Round "?"]
[White "kmreese"]
[Black "ektor"]
[Result "0-1"]
[WhiteElo "1306"]
[BlackElo "1324"]
[PlyCount "52"]
[EventDate "2003.??.??"]

1. e4 e5 2. Nf3 Nc6 3. Bc4 a6 4. c3 b5
5. Bd5 Bb7 6. d3 Nf6 7. Ng5 Nxd5 8. exd5 Ne7
9. c4 f6 10. Ne4 Nf5 11. Nbc3 bxc4 12. dxc4 Nd4
13. d6 Bxd6 14. f4 exf4 15. Qxd4 O-O 16. c5 Be5
17. Qc4+ d5 18. Qe2 dxe4 19. O-O Re8 20. Rd1 Qc8
21. Nxe4 f5 22. Ng5 Bd4+ 23. Be3 Bxe3+ 24. Kh1 f3
25. Qc4+ Re6 26. Nxe6 fxg2# 0-1

[Event "Game 1248 - Rated game, 10m + 0s"]
[Site "Main Playing Hall"]
[Date "2003.03.27"]
[Round "?"]
[White "kmreese"]
[Black "rere59126"]
[Result "0-1"]
[WhiteElo "1289"]
[BlackElo "1143"]
[Annotator "White - Time"]
[PlyCount "80"]
[EventDate "2003.??.??"]

1. e4 c6 2. d4 d5 3. e5 Bf5 4. Nf3 e6
5. Be2 Ne7 6. Bg5 Qb6 7. O-O Qxb2 8. Nbd2 Bxc2
9. Qe1 Qc3 10. Rc1 Qb2 11. Nh4 Qxa2 12. Ra1 Qb2
13. f4 Qxd4+ 14. Rf2 Nc8 15. Ndf3 Qb2 16. Bd3 Bb4
17. Rxc2 Bxe1 18. Rxb2 Bc3 19. Rab1 Bxb2 20. Rxb2 Nb6
21. f5 O-O 22. f6 h6 23. Bf4 g5 24. Bxg5 hxg5
25. Nxg5 N8d7 26. Nh7 Rfc8 27. g4 Nxe5 28. Bc2 Nxg4
29. Bd3 e5 30. Rg2 e4 31. Rxg4+ Kxh7 32. Rg7+ Kh8
33. Be2 Rg8 34. Nf5 Rxg7+ 35. Nxg7 c5 36. Bh5 Rf8
37. Nf5 c4 38. Kf1 c3 39. Ke1 c2 40. Kd2 Rc8 {White - Time} 0-1

[Event "Game 1249 - Rated game, 15m + 0s"]
[Site "Main Playing Hall"]
[Date "2003.03.27"]
[Round "?"]
[White "Upnor"]
[Black "kmreese"]
[Result "0-1"]
[WhiteElo "1354"]
[BlackElo "1264"]
[PlyCount "30"]
[EventDate "2003.??.??"]

1. e4 c5 2. Nf3 d6 3. Bc4 f6 4. O-O Bg4
5. h3 Bh5 6. Be2 g6 7. d4 f5 8. exf5 gxf5
9. dxc5 Nf6 10. cxd6 Bxf3 11. Bxf3 e5 12. Bxb7 Nbd7
13. Bxa8 Qxa8 14. Nc3 Rg8 15. Re1 Qxg2# 0-1

[Event "Game 1250 - Rated game, 15m + 0s"]
[Site "Main Playing Hall"]
[Date "2003.03.27"]
[Round "?"]
[White "kmreese"]
[Black "Upnor"]
[Result "1-0"]
[WhiteElo "1286"]
[BlackElo "1332"]
[PlyCount "51"]
[EventDate "2003.??.??"]

1. e4 e5 2. Nf3 Nc6 3. Bc4 Nf6 4. d3 d5
5. exd5 Nxd5 6. Ng5 Bb4+ 7. c3 Bc5 8. d4 exd4
9. O-O O-O 10. Qh5 Bf5 11. g4 Bg6 12. Qh3 dxc3
13. bxc3 Nce7 14. Rd1 c6 15. Kh1 Bxf2 16. Na3 h6
17. Nf3 Be4 18. g5 hxg5 19. Bxg5 Qb6 20. Re1 Bxe1
21. Rxe1 Qb2 22. Rxe4 Qxa3 23. Rh4 f6 24. Rh8+ Kf7
25. Ne5+ Ke8 26. Qd7# 1-0

[Event "Game 1253 - Rated game, 1m + 0s"]
[Site "Main Playing Hall"]
[Date "2003.03.28"]
[Round "?"]
[White "kmreese"]
[Black "gabor"]
[Result "0-1"]
[WhiteElo "1276"]
[BlackElo "1451"]
[Annotator "White - Time"]
[PlyCount "42"]
[EventDate "2003.??.??"]

1. e4 e5 2. Nf3 Nc6 3. Bc4 Bc5 4. O-O Nf6
5. c3 O-O 6. Ng5 Qe7 7. Kh1 h6 8. Nf3 d6
9. d4 exd4 10. cxd4 Bb6 11. d5 Ne5 12. Nxe5 Qxe5
13. Re1 Bg4 14. f3 Bd7 15. Bf4 Qh5 16. h3 g5
17. Be3 Kh7 18. g4 Nxg4 19. Kg1 Nf6 20. f4 Qxh3
21. Kf2 gxf4 {White - Time} 0-1

[Event "Game 1254 - Rated game, 15m + 0s"]
[Site "Main Playing Hall"]
[Date "2003.03.28"]
[Round "?"]
[White "Negative"]
[Black "kmreese"]
[Result "0-1"]
[WhiteElo "1344"]
[BlackElo "1306"]
[Annotator "White - Resign"]
[PlyCount "50"]
[EventDate "2003.??.??"]

1. d4 d5 2. c4 Nf6 3. Nc3 e6 4. e3 g6
5. Bd2 Bg7 6. Nf3 Nc6 7. c5 O-O 8. Bb5 e5
9. Bxc6 bxc6 10. Nxe5 Nh5 11. Nxc6 Qd7 12. Nb4 Re8
13. Ncxd5 Bb7 14. Nc3 Bxg2 15. Rg1 Qh3 16. Ke2 Nf4+
17. Ke1 Bxd4 18. Nc2 Nd3+ 19. Ke2 Qf3+ 20. Kxd3 Qf5+
21. Ke2 Bf3+ 22. Ke1 Bxd1 23. Rxd1 Rad8 24. Kf1 Bxc5
25. Nb5 Qd3+ { White - Resign} 0-1

[Event "Game 1256 - Rated game, 20m + 0s"]
[Site "Main Playing Hall"]
[Date "2003.03.29"]
[Round "?"]
[White "BarryP"]
[Black "kmreese"]
[Result "0-1"]
[WhiteElo "1487"]
[BlackElo "1633"]
[Annotator "White - Resign"]
[PlyCount "94"]
[EventDate "2003.??.??"]

1. d4 Nf6 2. c4 d5 3. cxd5 Nxd5 4. e4 Nb6
5. f4 e6 6. Nf3 Nc6 7. Bb5 Bd7 8. O-O a6
9. Bxc6 Bxc6 10. Nc3 Bb4 11. a3 Be7 12. Ne5 Rf8
13. Be3 f6 14. Qh5+ g6 15. Nxg6 hxg6 16. Qxg6+ Rf7
17. Rad1 Nd7 18. d5 Nf8 19. dxe6 Nxg6 20. Rxd8+ Bxd8
21. exf7+ Kxf7 22. f5 Nh4 23. Rf4 Nxg2 24. Kxg2 Be7
25. h4 Rg8+ 26. Kh2 Bd6 27. Nd5 Bxf4+ 28. Bxf4 Rg4
29. Bc1 Rxh4+ 30. Kg3 Rxe4 31. Nxc7 Re1 32. Bd2 Re2
33. Bc3 Re3+ 34. Kf4 Re4+ 35. Kg3 b5 36. Nxa6 Re3+
37. Kf4 Rf3+ 38. Kg4 Bd7 39. Nc7 Rxf5 40. Kg3 Rg5+
41. Kf3 f5 42. Kf4 Rg4+ 43. Ke5 f4 44. Kd6 Bf5
45. Nxb5 f3 46. Bd4 Rxd4+ 47. Nxd4 f2 {White - Resign} 0-1